[Event "BCF-chT4 0607 (4NCL)"]
[Site "Sunningdale"]
[Date "2006.12.03"]
[Round "4.6"]
[White "Lakhani, Anjali"]
[Black "Lowry O'Reilly, Johannah"]
[Result "1-0"]
[WhiteElo "1830"]
[BlackElo "1410"]
[PlyCount "125"]
[EventDate "2006.09.16"]
[EventType "team"]
[EventRounds "11"]
[EventCountry "ENG"]
[SourceTitle "EXT 2008"]
[Source "ChessBase"]
[SourceDate "2007.11.25"]
[SourceVersion "1"]
[SourceVersionDate "2007.11.25"]
[SourceQuality "1"]
[WhiteTeam "Notts II"]
[BlackTeam "SC Stars"]
[WhiteTeamCountry "ENG"]
[BlackTeamCountry "ENG"]

1. e4 e5 2. Nf3 Nc6 3. d4 d6 4. dxe5 dxe5 5. Qxd8+ Nxd8 6. Nxe5 Bd6 7. Nf3 Bg4 8. Be2 f6 9. Nc3 a6 10. h3 Bxf3 11. Bxf3 Nc6 12. Be3 Nge7 13. 0-0 0-0-0 14. a3 Be5 15. Bg4+ Kb8 16. f4 h5 17. Be2 Bxc3 18. bxc3 f5 19. Rab1 Kc8 20. Bf3 g6 21. Bc5 Rhe8 22. exf5 Nxf5 23. Bxc6 bxc6 24. Ba7 Kd7 25. Rb7 Re2 26. Bb6 Ke8 27. Rxc7 Rdd2 28. Rc8+ Kd7 29. Rd8+ Ke6 30. Rxd2 Rxd2 31. Rf2 Rd1+ 32. Rf1 Rd2 33. Rf2 Rd1+ 34. Kh2 Nd6 35. Re2+ Kf5 36. Re5+ Kxf4 37. Rc5 g5 38. Bc7 h4 39. Rxc6 Ke5 40. Rxa6 Ke6 41. Rxd6+ Rxd6 42. Bxd6 Kxd6 43. g3 Kc5 44. gxh4 gxh4 45. Kg2 Kc4 46. Kf3 Kxc3 47. Kg4 Kxc2 48. a4 Kb3 49. a5 Ka4 50. a6 Ka5 51. a7 Ka6 52. a8Q+ Kb6 53. Qc8 Kb5 54. Qc7 Ka6 55. Qb8 Ka5 56. Qb7 Ka4 57. Qb6 Ka3 58. Qb5 Ka2 59. Qb4 Ka1 60. Kf3 Ka2 61. Ke3 Ka1 62. Kd2 Ka2 63. Kc2 1-0

[Event "BCF-chT4 0607 (4NCL)"]
[Site "Sunningdale"]
[Date "2006.09.24"]
[Round "2.6"]
[White "Evans, Helen I"]
[Black "Lowry O'Reilly, Johannah"]
[Result "1-0"]
[WhiteElo "1740"]
[BlackElo "1410"]
[PlyCount "35"]
[EventDate "2006.09.16"]
[EventType "team"]
[EventRounds "11"]
[EventCountry "ENG"]
[SourceTitle "CBM 115 Extra"]
[Source "ChessBase"]
[SourceDate "2007.01.10"]
[SourceVersion "1"]
[SourceVersionDate "2007.01.10"]
[SourceQuality "1"]
[WhiteTeam "FCA Solutions II"]
[BlackTeam "SC Stars"]
[WhiteTeamCountry "ENG"]
[BlackTeamCountry "ENG"]

1. d4 d5 2. Bf4 e6 3. e3 Nf6 4. Nf3 Be7 5. Bd3 0-0 6. Ne5 Bd6 7. Nd2 Nc6 8. c3 b6 9. Nxc6 Qd7 10. Ne5 c5 11. Nxd7 Nxd7 12. Bxd6 Re8 13. Qh5 Nf6 14. Qh4 a5 15. Be5 c4 16. Bc2 h6 17. Bxf6 g5 18. Qxh6 1-0